Inazuma Eleven 1 : Équipes - Statistiques

Statistiques générales
  • Ce quiz a été pris 483 fois
  • Le résultat moyen est 8 sur 11
Statistiques - réponses
Par images Réponse % Correct
Raimon
99%
Royal Academy
93%
Zeus
87%
Occulte
80%
Wild
73%
Shuriken
70%
Cybertech
69%
Kirkwood
69%
Otaku
61%
Terria
59%
Onze d'Inazuma
23%
Aucun quiz correspondant
Distribution des résultats
% des personnes avec chaque résultat
Percentile par nombre de réponses
Votre historique - résultats
Vous n’avez pas pris ce quiz